000 00287nam a22001337a 4500
003 SGT
082 _a615.19
_bALA
100 _aALAGARSAMY, V.
245 _aTEXTBOOK OF MEDICINAL CHEMISTRY VOL-1
250 _a3RD
260 _aDELHI
_bCBS
_c2020
300 _a614
942 _2ddc
_cBK
_02
999 _c22280
_d22280